000 00885nam a2200205 a 4500
001 000048466
005 20201002061156.0
008 190314s2008 dr a 000 0 spa d
040 _aDO-SdBNP
_bspa
_cBNPHU
082 _axxx
_bxxx
245 0 3 _aEl secreto está en la marca :
_buna introducción a las marcas para pequeñas y medianas empresas (PYMEs) /
_cprólogo Enrique Ramírez.
260 _aSanto Domingo, :
_bONAPI,
_c2008.
300 _a40 p. :
_bil. ;
_c22 cm.
490 1 _aPropiedad intelectual y las empresas ;
_v1;
505 0 _tLas marcas --
_tProtección de una marca --
_tTipos de marcas --
_tUso de la marca --
_tHaciendo valer los derechos de la marca /
590 _aInventariado, 2019/YL
710 1 _aOfinina Nacional de la Propiedad Industrial (ONAPI)
_975875
700 1 2 _aRamírez, Enrique
_eprol.
_975876
830 0 _aPropiedad intelectual y las empresas
_n1
_975877
999 _c47954
_d47954